History Quiz

Random History or College Quiz

HBCU Names Quiz Stats

 Plays Quiz not verified by Sporcle

Also try: 'C' in History II
Challenge
Share
Tweet
Embed
Score 0/121 Timer 10:00
0 Plays Today
College % Correct
Howard University
59%
Morehouse College
50.8%
Hampton University
50.8%
North Carolina Central University
49.2%
Tennessee State University
45.9%
Florida A&M University
44.3%
Spelman College
44.3%
South Carolina State University
44.3%
Clark Atlanta University
41%
Texas Southern University
39.3%
Tuskegee University
37.7%
Lincoln University
36.1%
Norfolk State University
34.4%
Virginia State University
34.4%
Alabama State University
32.8%
Grambling State University
32.8%
Winston-Salem State University
32.8%
Prairie View A&M University
32.8%
Alabama A&M University
31.1%
Bethune-Cookman University
31.1%
North Carolina A&T State University
29.5%
Fisk University
29.5%
Morgan State University
26.2%
Elizabeth City State University
26.2%
Shaw University
26.2%
Albany State University
24.6%
Alcorn State University
24.6%
Mississippi Valley State University
24.6%
Virginia Union University
24.6%
Savannah State University
23%
Johnson C. Smith University
23%
Delaware State University
21.3%
Dillard University
21.3%
Bowie State University
21.3%
Coppin State University
19.7%
University of Maryland Eastern Shore
19.7%
Fort Valley State University
18%
Morris Brown College
16.4%
Kentucky State University
16.4%
Bennett College
16.4%
Central State
16.4%
College % Correct
Wilberforce University
16.4%
Langston University
16.4%
Benedict College
16.4%
Claflin University
16.4%
Miles College
14.8%
University of Arkansas at Pine Bluff
14.8%
Edward Waters College
14.8%
Paine College
14.8%
Livingstone College
13.1%
University of the District of Columbia
11.5%
Xavier University of Louisiana
11.5%
Rust College
11.5%
St. Augustine's University
11.5%
West Virginia State University
11.5%
Florida Memorial University
9.8%
Wiley College
9.8%
Stillman College
8.2%
LeMoyne-Owen College
8.2%
Philander Smith College
6.6%
Cheyney University of Pennsylvania
6.6%
Lane College
6.6%
Paul Quinn College
6.6%
Texas College
6.6%
Oakwood University
4.9%
Talladega College
4.9%
Southern University and A&M College
4.9%
Tougaloo College
4.9%
Harris-Stowe State University
4.9%
Voorhees College
4.9%
University of the Virgin Islands
4.9%
Bishop State Community College
3.3%
Lawson State Community College
3.3%
Shorter College
3.3%
Allen University
3.3%
Meharry Medical College
3.3%
Huston-Tillotson University
3.3%
Virginia University of Lynchburg
3.3%
Bluefield State College
3.3%
Shelton State Community College
1.6%
Trenholm State Technical College
1.6%
Arkansas Baptist College
1.6%
College % Correct
Southern University at New Orleans
1.6%
Southern University at Shreveport
1.6%
Lincoln University of Missouri
1.6%
Jarvis Christian College
1.6%
Bishop College
1.6%
Mount Hermon Female Seminary
1.6%
Concordia College-Selma
0%
Gadsden State Community College
0%
J.F. Drake State Technical College
0%
Selma University
0%
Interdenominational Theological Center
0%
Morehouse School of Medicine
0%
Coahoma Community College
0%
Hinds Community College at Utica
0%
Jackson State University
0%
Barber-Scotia College
0%
Fayetteville State University
0%
Clinton Junior College
0%
Denmark Technical College
0%
Morris College
0%
American Baptist College
0%
Knoxville College
0%
Southwestern Christian College
0%
St. Philip's College
0%
Daniel Payne College
0%
Friendship College
0%
George R. Smith College
0%
Guadalupe College
0%
Kittrell College
0%
Leland University
0%
Lewis College of Business
0%
Mary Holmes College
0%
Mississippi Industrial College
0%
Natchez College
0%
Payne College
0%
Saint Paul's College
0%
Storer College
0%
Roger Williams College
0%
Western University
0%

You're not logged in!

Compare scores with friends on all Sporcle quizzes.
OR
Log In

You Might Also Like...

Show Comments

Extras

Top Quizzes Today


Score Distribution

Your Account Isn't Verified!

In order to create a playlist on Sporcle, you need to verify the email address you used during registration. Go to your Sporcle Settings to finish the process.

Report this User

Report this user for behavior that violates our Community Guidelines.

Details: